书目信息 |
| 题名: |
观点
|
|
| 作者: | 李旻 , 曹世瑞 主编 | |
| 分册: | 文学2006 | |
| 出版信息: | 福州 福建人民出版社 2007 |
|
| 页数: | 183页 | |
| 开本: | 23cm | |
| 丛书名: | ||
| 单 册: | ||
| 中图分类: | C53 , I206.7 | |
| 科图分类: | ||
| 主题词: | 社会科学--文集 , 文学评论--中国--现代--文集 , 社会科学 , 文学评论 | |
| 电子资源: | ||
| ISBN: | 978-7-211-05466-4 | |
| 000 | 00951nam0 2200289 450 | |
| 001 | 1234522374 | |
| 005 | 20121003093648.01 | |
| 010 | @a978-7-211-05466-4@dCNY20.50 | |
| 100 | @a20070226d2007 em y0chiy50 ea | |
| 101 | 0 | @achi |
| 102 | @aCN@b350000 | |
| 105 | @ay z 001yy | |
| 200 | 1 | @a观点@Aguan dian@i文学2006@f李旻,曹世瑞主编 |
| 210 | @a福州@c福建人民出版社@d2007 | |
| 215 | @a183页@d23cm | |
| 300 | @a2006年度中国学术观点 中国人民大学书报资料中心 | |
| 330 | @a本书设有“文论前沿”、“文学与消费时代”、“文学与大众传媒”、“文化观察”、“文学批评之病”、“重建中国文论”、“现代文学研究”等栏目,收入研究文章百余篇。 | |
| 606 | 0 | @a社会科学@j文集 |
| 606 | 0 | @a文学评论@y中国@z现代@j文集 |
| 606 | 0 | @a社会科学 |
| 606 | 0 | @a文学评论 |
| 690 | @aC53@v4 | |
| 690 | @aI206.7@v4 | |
| 701 | 0 | @a李旻@Ali min@c(女,@f1964~)@4主编 |
| 701 | 0 | @a曹世瑞@Acao shi rui@4主编 |
| 801 | 0 | @aCN@bNLC@c20101222 |
| 905 | @a10447@dC53@eJY94 | |
| 观点.文学2006/李旻,曹世瑞主编.-福州:福建人民出版社,2007 |
| 183页;23cm |
| 2006年度中国学术观点 中国人民大学书报资料中心 |
| ISBN 978-7-211-05466-4:CNY20.50 |
| 本书设有“文论前沿”、“文学与消费时代”、“文学与大众传媒”、“文化观察”、“文学批评之病”、“重建中国文论”、“现代文学研究”等栏目,收入研究文章百余篇。 |
| ● |
| 相关链接 |
|
|
|
|
正题名:观点
索取号:C53/JY94
 
预约/预借
| 序号 | 登录号 | 条形码 | 馆藏地/架位号 | 状态 | 备注 |
| 1 | 7810201 | 278102018 | 学院路分馆/ [索取号:C53/JY94] | 在馆 | |
| 2 | 7810202 | 278102027 | 学院路分馆/ [索取号:C53/JY94] | 在馆 |